000 00629nam a2200229Ia 4500
003 OSt
005 20220925220154.0
006 a|||||r|||| 00| 0
007 ta
008 220923b |||||||| |||| 00| 0 eng d
037 _cGeneral Book
040 _aRTL
_cRTL
_beng
041 _2eng
_aeng
082 _aX:8F, M2.2
100 _aNorkett Paul
_9284295
245 0 _aAccountancy for non accountants
260 _aLondon
_bLongman UK
_c1982
490 _vV2
_aLongman business management series
650 _aBudgeting
942 _hX:8F, M2.2
_cGB
_2CC
999 _c570711
_d570711